Online katalóg knižníc regiónu Turca

Tajomstvo rodiny Winthropovcov (Record no. 22512)

MARC details
000 -LEADER
fixed length control field 00858nam a2200277 a 4500
001 - CONTROL NUMBER
control field 22512
003 - CONTROL NUMBER IDENTIFIER
control field SK-KTurca
005 - DATE AND TIME OF LATEST TRANSACTION
control field 20260331135611.0
008 - FIXED-LENGTH DATA ELEMENTS--GENERAL INFORMATION
fixed length control field 020110s2001 xo 000 1 slo c
020 ## - INTERNATIONAL STANDARD BOOK NUMBER
International Standard Book Number 8055100551 (viaz.)
035 ## - SYSTEM CONTROL NUMBER
System control number UKB000299701
040 ## - CATALOGING SOURCE
Original cataloging agency BAA001
Language of cataloging slo
Transcribing agency BAA001
Description conventions AACR2
041 1# - LANGUAGE CODE
Language code of text/sound track or separate title slo
Language code of original eng
044 ## - COUNTRY OF PUBLISHING/PRODUCING ENTITY CODE
MARC country code xo
ISO country code SK
080 ## - UNIVERSAL DECIMAL CLASSIFICATION NUMBER
Universal Decimal Classification number 820(73)-311.4
100 1# - MAIN ENTRY--PERSONAL NAME
Personal name Sheldon, Sidney
Dates associated with a name 1917-2007
245 00 - TITLE STATEMENT
Title Tajomstvo rodiny Winthropovcov
Statement of responsibility, etc. Sidney Sheldon ; [z anglického originálu preložila Eva Birčáková]
260 ## - PUBLICATION, DISTRIBUTION, ETC.
Place of publication, distribution, etc. Bratislava
Name of publisher, distributor, etc. Ikar
Date of publication, distribution, etc. 2001
300 ## - PHYSICAL DESCRIPTION
Extent 238 s
650 07 - SUBJECT ADDED ENTRY--TOPICAL TERM
Topical term or geographic name entry element literatúra americká
General subdivision romány spoločenské
650 07 - SUBJECT ADDED ENTRY--TOPICAL TERM
Topical term or geographic name entry element romány spoločenské americké
653 ## - INDEX TERM--UNCONTROLLED
Uncontrolled term 820(73)-311.4
700 1# - ADDED ENTRY--PERSONAL NAME
Personal name Birčáková, Eva
Relationship trl
765 0# - ORIGINAL LANGUAGE ENTRY
Title <<The>> sky is falling
Main entry heading Sheldon, Sidney, 1917-
942 ## - ADDED ENTRY ELEMENTS (KOHA)
Source of classification or shelving scheme Dewey Decimal Classification
Koha item type Krásna literatúra pre dospelých
Suppress in OPAC No
Holdings
Stav vyradenia Strata Poškodenie Spôsob nadobudnutia Domovská knižnica Aktuálna knižnica Dátum nadobudnutia Total checkouts Čiarový kód exemplára Date last seen Typ exemplára
      Dar Obecná knižnica Turčianska Štiavnička Obecná knižnica Turčianska Štiavnička 31.03.2026   4738000800 31.03.2026 Krásna literatúra pre dospelých
Projekt je podporený Slovenskou asociáciou knižníc
Prevádzkuje Turčianska knižnica Martin 2026